| 000 | 00456nam a2200181Ia 4500 | ||
|---|---|---|---|
| 008 | 240126s9999 xx 000 0 und d | ||
| 020 | _a9971513579 | ||
| 041 | _aEnglish | ||
| 082 | _a001.6424 VLI;3 R | ||
| 100 | _aVliet, Hans van. | ||
| 245 | 0 | _aSoftware engineering : principles and practice | |
| 250 | _a2nd ed. | ||
| 260 |
_bJohn willey and Sons _aChichester |
||
| 300 | _axxii, 726 | ||
| 440 | _aNULL | ||
| 650 | _aSoftware | ||
| 942 | _cPU | ||
| 999 |
_c274842 _d274842 |
||